| 000 | 01775nam a2200301 a 4500 | ||
|---|---|---|---|
| 003 | BLK | ||
| 005 | 20250401090816.0 | ||
| 008 | 210305b bu ||||| |||| 00| | bu d | ||
| 020 | _a978-619-92437-9-4 | ||
| 040 | _aBLK | ||
| 041 |
_aBUL _cBUL |
||
| 080 |
_aКиберсигурност _b004.056 _z004.056:34 |
||
| 080 |
_aВоенна политика. Политика за отбрана на страната _b355.02 _z355.02 |
||
| 100 |
_9442717 _aВърбанова, Гергана Костова _eпърви автор |
||
| 139 |
_aВърбанова, Гергана Костова _bВ 97 |
||
| 245 |
_aЗначение на електронните доказателства в контекста на киберсигурността и националната сигурност _bМонография _cГергана Върбанова |
||
| 260 |
_9489362 _aВарна _bПринт мастър _c2024 _n978-954-9418- ; 954-90429- ; 954-91125- |
||
| 300 |
_a192 с. _c22 см |
||
| 380 | _a0 | ||
| 500 | _aБиогр. данни за авт. отбелязани на гърба на кор. Терминол. речник: с. 185-188 Съдържа рец. от: Боян Кирилов Медникаров, Георги Георгиев Димитров Библиогр.: с. 175-182 | ||
| 650 | 7 |
_9154723 _aЕлектронни документи - България - законодателни и директивни материали |
|
| 650 | 0 |
_9329549 _aИнформационна сигурност |
|
| 650 | 0 |
_9268412 _aНационална сигурност |
|
| 653 | 7 |
_9186128 _aелектронни документи |
|
| 653 | 7 |
_9194317 _aправни проблеми |
|
| 852 |
_aЦб 326636 _bЦб |
||
| 942 |
_cKNG _n0 _s1 |
||
| 999 |
_c530439 _d530439 |
||
| 944 |
_a30545 _cНора Радева _k30545 _lНора Радева |
||